000 01121cam a22003257a 4500
003 CHAP
005 20220817043030.0
008 971010s1957 r 00010 d
010 _a63411
011 _a64383
035 _a69698
040 _cCHAP
082 _a338
_bJ64Y
100 0 0 _aJohr, Walter Adolf.
_961908
245 1 3 _aEl papel del economista
_b: como asesor oficial
260 _aMéxico, D.F. :
_bFondo de Cultura Económica,
_c1957
300 _a157 p.
590 _aBATCH-UPD
_b10
_c20130110
_lUCH01
_h1247
590 _aBATCH-UPD
_b10
_c20130410
_lUCH01
_h0810
590 _aBATCH-UPD
_b10
_c20130914
_lUCH01
_h1829
590 _aCONVERSION
_b10
_c20130109
_lUCH01
_h1334
650 1 4 _aPolítica económica.
700 0 _aSinger, H. W.
_9106586
901 _aBK
942 _cLIBRO
949 _a338.91 J64Y
_bBC
_cLIBRO
_d33724000110136
_eLIBRO
_fc.4
_h6580
_i69698
_si
949 _a338.91 J64Y
_bBC
_cLIBRO
_d33724000110144
_eLIBRO
_h6577
_i69698
_si
949 _a338.91 J64Y
_bBC
_cLIBRO
_d33724000110151
_eLIBRO
_fc.3
_h6579
_i69698
_si
949 _a338.91 J64Y
_bBC
_cLIBRO
_d33724000110169
_eLIBRO
_fc.2
_h6578
_i69698
_si
999 _c63411
_d63411